Movies by Christopher Nolan - Statistics

General Stats
  • This quiz has been taken 29 times
  • The average score is 10 of 13
Answer Stats
Year Movie % Correct
2010 Inception
96%
2023 Oppenheimer
96%
2014 Interstellar
93%
2008 The Dark Knight
93%
2012 The Dark Knight Rises
93%
2005 Batman Begins
89%
2000 Memento
85%
2020 Tenet
85%
2017 Dunkirk
78%
2002 Insomnia
67%
2006 The Prestige
67%
1998 Following
41%
2013 Man of Steel
22%
No matching quizzes found
Score Distribution
Percent of People with Each Score
Percentile by Number Answered
Your Score History
You have not taken this quiz